| 000 | 01537nas a2200277Ia 4500 | ||
|---|---|---|---|
| 001 | R262-R6097 | ||
| 003 | IT-CnALBA | ||
| 008 | 170116c99999999xx |||||||||||| ||und|| | ||
| 040 |
_aIT-CnALBA _cIT-CnALBA |
||
| 041 | _aITALIANO | ||
| 100 | _aPAOLO VI, PAPA MONTINI. | ||
| 210 | _aRIVISTA DIOCESANA GENOVESE | ||
| 222 | _aRIVISTA DIOCESANA GENOVESE | ||
| 245 | 0 | _aRIVISTA DIOCESANA GENOVESE. GENNAIO FEBBRAIO 1973. BOLLETTINO CURIA ARCIVESCOVILE. | |
| 250 | _a1a ed. | ||
| 260 |
_a GENOVA _bBIESSE GRAFICA _c1973 [1° Ed.:1973 - Ed.Ling.Originale: 1973] |
||
| 300 | _a88 p. | ||
| 310 | _aBIMESTRALE | ||
| 362 | _aFascicolo: 1 / (1973) | ||
| 500 | _aLETTERA AD PASCENDUM. LETTERA PER LA UNZIONE DEGLI INFERMI. RISPOSTA AGLI AUGURI NATALIZI. DICHIARAZIONE SULLA CONCELEBRAZIONE. LETTERA PASTORALE SULLA QUARESIMA. NORME SULLE SALE TEATRALI DIPENDENTI DALLE AUTORITÀ ECCLESIASTICHE. DIFESA DEL DIRITTO ALLA VITA. CLUB GIOVANI SPASTICI. IL CARDINALE DE LAI GAETANO E GENOVA. NECROLOGIO. | ||
| 501 | _aSocietà San Paolo EM - Piazza San Paolo, 14 - 12051 ALBA (CN) (non commercial uses only) ® Copyright 2017 | ||
| 520 | _aLETTERA AD PASCENDUM. LETTERA PER LA UNZIONE DEGLI INFERMI. RISPOSTA AGLI AUGURI NATALIZI. DICHIARAZIONE SULLA CONCELEBRAZIONE. LETTERA PASTORALE SULLA QUARESIMA. NORME SULLE SALE TEATRALI DIPENDENTI DALLE AUTORITÀ ECCLESIASTICHE. DIFESA DEL DIRITTO ALLA VITA. CLUB GIOVANI SPASTICI. IL CARDINALE DE LAI GAETANO E GENOVA. NECROLOGIO. | ||
| 650 | _aECCLESIOLOGIA | ||
| 942 | _cCR | ||
| 957 | _71 | ||
| 999 |
_a54018 _bNO _g1 _c324636 _d324636 |
||